Ładuje się......
| LEADER | 01005nam a2200157Ia 4500 | ||
|---|---|---|---|
| 008 | 150527150527b xxu||||| |||| 00| 0 ara d | ||
| 082 | |a 414 TB | ||
| 100 | |a علي جارمي | ||
| 245 | |c by علي جارمي |a البلاغة الواضحة / | ||
| 942 | |c BK | ||
| 999 | |c 173713 |d 173713 | ||
| 952 | |0 0 |1 0 |2 ddc |4 1 |6 414_000000000000000_علي_ا |7 0 |9 192408 |a ARA |b ARA |c ST1 |d 2015-05-27 |i 1067 |l 1 |o 414 علي/ا |p ARA1067 |r 2019-12-20 |s 2019-08-06 |y BK | ||
| 952 | |0 0 |1 0 |4 0 |6 414_000000000000000_TB |7 0 |9 192409 |a ARA |b ARA |c ST1 |d 2015-10-06 |i 2848 |l 0 |o 414 TB |p ARA2848 |r 2015-10-06 |w 2015-10-06 |y BK | ||
| 952 | |0 0 |1 0 |4 0 |6 414_000000000000000_TB |7 0 |9 192410 |a ARA |b ARA |c ST1 |d 2015-10-06 |i 7150 |l 5 |o 414 TB |p ARA7150 |r 2020-11-25 |s 2020-11-16 |w 2015-10-06 |y BK | ||
| 952 | |0 0 |1 0 |4 0 |6 414_000000000000000_TB |7 0 |9 192411 |a ARA |b ARA |c ST1 |d 2015-10-14 |i 4827 |l 0 |o 414 TB |p ARA4827 |r 2015-10-14 |w 2015-10-14 |y BK | ||
| 952 | |0 0 |1 0 |4 0 |6 414_000000000000000_TB |7 0 |9 192412 |a ARA |b ARA |c ST1 |d 2015-10-14 |i 4828 |l 1 |o 414 TB |p ARA4828 |r 2016-10-19 |s 2016-10-19 |w 2015-10-14 |y BK | ||